000 01009nam a2200205Ia 4500
999 _c45447
_d45447
001 12271
003 GE_BSU
005 20240702104327.0
008 181216s2007||||geo|||||||||||||| ||ge ||
040 _cGE_BSU
041 _ageo
080 _a72(075)+81374.26=161.1=353.1 კ-464
100 _aკვირკველია, თენგიზ
_95248
245 _aრუსულ-ქართული ხუროთმოძღვრული განმარტებითი ლექსიკონი /
_cთენგიზ კვირკველია ; [რედ. გურამ კვირკველია].
264 _aთბილისი :
_b[გ.გ.],
_c2007.
300 _a264 გვ. ;
_c21 სმ.
653 _aრუსულ-ქართული ხუროთმოძღვრული განმარტებითი ლექსიკონი
700 _aკვირკველია, გურამ
_eრედაქტორი
_922640
942 _cBK
_2udc